000 00500nam a2200169Ia 4500
008 090711s9999 xx 000 0 und d
082 _b53673
100 _aवडगावकर निवgत्ती
245 _aफेर - फटका
260 _c1985
300 _a146
600 _aवडगावकर निवgत्ती
630 _aफेर - फटका
700 _aवडगावकर निवgत्ती
730 _aफेर - फटका
942 _cBOOK
999 _c296227
_d296227